Länder der Welt - in alphabetischer Reihenfolge - Statistiken

Allgemein
  • Dieses Quiz wurde 3.540 mal gespielt
  • Das Durchschnittsergebnis liegt bei 71 aus 196
Antwortstatistiken
Antwort % Korrekt
Afghanistan
89%
Albanien
79%
Ägypten
76%
Andorra
74%
Algerien
73%
Armenien
71%
Aserbaidschan
69%
Angola
68%
Belgien
66%
Antigua und Barbuda
65%
Argentinien
64%
Bahamas
63%
Bahrain
63%
Australien
62%
Äthiopien
60%
Bangladesch
60%
Barbados
60%
Benin
59%
Chile
58%
China
58%
Dänemark
58%
Deutschland
57%
Belize
56%
Bolivien
55%
Bhutan
54%
Äquatorial-Guinea
53%
Eritrea
53%
Botswana
51%
Estland
51%
Frankreich
51%
Brasilien
50%
Bulgarien
50%
Finnland
50%
Brunei
49%
Burundi
49%
Costa Rica
49%
Dschibuti
49%
Fidschi
49%
Bosnien und Herzegovina
48%
Dominikanische Republik
48%
Haiti
48%
Honduras
48%
Zypern
48%
Dominica
46%
Gambia
46%
Jemen
46%
Ghana
45%
Indonesien
45%
Irak
45%
Iran
45%
Griechenland
44%
Guinea
44%
Guinea-Bissau
44%
Jordanien
44%
Burkina Faso
43%
Indien
43%
Island
43%
Guatemala
42%
Irland
42%
Japan
42%
Kanada
42%
Elfenbeinküste
41%
Gabun
41%
Ecuador
40%
Georgien
40%
Israel
40%
Demokratische Republik Kongo
39%
Italien
39%
Kasachstan
39%
Kenia
39%
Laos
39%
El Salvador
38%
Jamaika
38%
Kambodscha
38%
Kamerun
38%
Zentralafrikanische Republik
38%
Grenada
37%
Lettland
37%
Guyana
36%
Vereinigte Staaten
36%
Birma
35%
Mali
35%
Vereinigtes Königreich
35%
Kolumbien
34%
Liberia
34%
Liechtenstein
34%
Litauen
34%
Vereinigte Arabische Emirate
34%
Kirgistan
33%
Luxemburg
33%
Mauretanien
33%
Namibia
33%
Oman
33%
Weißrussland
33%
Madagaskar
32%
Venezuela
32%
Vietnam
32%
Föderierte Staaten von Mikronesien
31%
Kap Verde
31%
Katar
31%
Malediven
31%
Malta
31%
Usbekistan
31%
Kiribati
30%
Kroatien
30%
Kuwait
30%
Libyen
30%
Malaysia
30%
Mauritius
30%
Norwegen
30%
Polen
30%
Uganda
30%
Uruguay
30%
Komoren
29%
Kuba
29%
Libanon
29%
Niger
29%
Nigeria
29%
Pakistan
29%
Peru
29%
Russland
29%
Ungarn
29%
Vanuatu
29%
Lesotho
28%
Marokko
28%
Nauru
28%
Ruanda
28%
Sambia
28%
Schweden
28%
Turkmenistan
28%
Vatikanstadt
28%
Kosovo
27%
Malawi
27%
Mexiko
27%
Niederlande
27%
Palau
27%
Rumänien
27%
Samoa
27%
Schweiz
27%
Ukraine
27%
Mazedonien
26%
Moldawien
26%
Monaco
26%
Montenegro
26%
Nordkorea
26%
Österreich
26%
Panama
26%
Paraguay
26%
Portugal
26%
Senegal
26%
Togo
26%
Türkei
26%
Mosambik
25%
Osttimor
25%
Somalia
25%
Sudan
25%
Tadschikistan
25%
Tansania
25%
Tonga
25%
Nepal
24%
Nicaragua
24%
Serbien
24%
Spanien
24%
Tuvalu
24%
Mongolei
23%
Neuseeland
23%
Salomonen
23%
Südafrika
23%
Südkorea
23%
Südsudan
23%
Syrien
23%
Tunesien
23%
Marshallinseln
22%
Papua-Neuguinea
22%
Philippinen
22%
Seychellen
22%
Simbabwe
22%
St. Kitts und Nevis
22%
St. Lucia
22%
St. Vincent und die Grenadinen
22%
Thailand
22%
Trinidad und Tobago
22%
San Marino
21%
Saudi-Arabien
21%
Slowakei
21%
Slowenien
21%
Tschad
21%
Tschechien
21%
Sao Tome und Principe
20%
Sri Lanka
20%
Taiwan
20%
Singapur
19%
Suriname
19%
Swasiland
19%
Sierra Leone
18%
Republik Kongo
16%
Keine übereinstimmenden Quizze gefunden
Verteilung der Resultate
Anzahl Personen mit jedem Resultat
Perzentil nach korrekt beantworteten Fragen
Ihre Resultats-Entwicklung
Sie haben dieses Quiz noch nicht gespielt